<?xml version="1.0" encoding="UTF-8"?>
<record
    xmlns:xsi="http://www.w3.org/2001/XMLSchema-instance"
    xsi:schemaLocation="http://www.loc.gov/MARC21/slim http://www.loc.gov/standards/marcxml/schema/MARC21slim.xsd"
    xmlns="http://www.loc.gov/MARC21/slim">

  <leader>01287nam a22002177a 4500</leader>
  <datafield tag="952" ind1=" " ind2=" ">
    <subfield code="0">0</subfield>
    <subfield code="1">0</subfield>
    <subfield code="4">0</subfield>
    <subfield code="7">0</subfield>
    <subfield code="a">19</subfield>
    <subfield code="b">19</subfield>
    <subfield code="d">2017-03-15</subfield>
    <subfield code="l">0</subfield>
    <subfield code="o">HJ4629 P47 2015</subfield>
    <subfield code="p">19 002982</subfield>
    <subfield code="r">2017-03-15</subfield>
    <subfield code="t">1</subfield>
    <subfield code="w">2017-03-15</subfield>
    <subfield code="y">LB</subfield>
  </datafield>
  <datafield tag="999" ind1=" " ind2=" ">
    <subfield code="c">101715</subfield>
    <subfield code="d">101715</subfield>
  </datafield>
  <controlfield tag="005">20231102152019.0</controlfield>
  <controlfield tag="008">170315t2015    mx ||||| |||| 00| 0 spa d</controlfield>
  <datafield tag="020" ind1=" " ind2=" ">
    <subfield code="a">9786074407372</subfield>
  </datafield>
  <datafield tag="050" ind1=" " ind2="4">
    <subfield code="a">KGF4627</subfield>
    <subfield code="b">P47</subfield>
  </datafield>
  <datafield tag="100" ind1="1" ind2=" ">
    <subfield code="a">P&#xE9;rez Ch&#xE1;vez Jos&#xE9;.</subfield>
    <subfield code="e">autor</subfield>
  </datafield>
  <datafield tag="245" ind1="1" ind2="0">
    <subfield code="a">Gu&#xED;a pr&#xE1;ctica de ISR</subfield>
    <subfield code="b">: personas morales</subfield>
    <subfield code="c">/ Jos&#xE9; P&#xE9;rez Ch&#xE1;vez</subfield>
  </datafield>
  <datafield tag="250" ind1=" " ind2=" ">
    <subfield code="a">primera edici&#xF3;n</subfield>
  </datafield>
  <datafield tag="260" ind1="3" ind2=" ">
    <subfield code="a"> M&#xE9;xico</subfield>
    <subfield code="b">: Tax</subfield>
    <subfield code="c">, 2015</subfield>
  </datafield>
  <datafield tag="300" ind1=" " ind2=" ">
    <subfield code="a">220 p&#xE1;ginas</subfield>
  </datafield>
  <datafield tag="505" ind1=" " ind2=" ">
    <subfield code="a">Aspectos generales
Determinaci&#xF3;n del impuesto del ejercito
Determinaci&#xF3;n de los pagos provisionales
Determinaci&#xF3;n de la PTU
ISR por pago de dividendos
Determinaci&#xF3;n de la parte deducible en el ISR correspondiente a los pagos a trabajadores que se encuentren exentos de este impuesto
Deducci&#xF3;n de inversiones
costo de lo vendido 
Ajustes anuales por inflaci&#xF3;n
ISR por pago de salario a trabajadores
Cuenta de utilidad fiscal neta
Cuenta de capital de aportaci&#xF3;n
R&#xE9;gimen de actividades agr&#xED;colas, ganaderas, silv&#xED;colas y pesqueras</subfield>
  </datafield>
  <datafield tag="519" ind1=" " ind2=" ">
    <subfield code="a">Educaci&#xF3;n Mixta / </subfield>
    <subfield code="b">Contadur&#xED;a / </subfield>
    <subfield code="c">Material Complementario (P24-4) / </subfield>
    <subfield code="d">(19 002982)</subfield>
  </datafield>
  <datafield tag="650" ind1="1" ind2="4">
    <subfield code="a">IMPUESTO SOBRE LA RENTA</subfield>
    <subfield code="v">PERSONAS F&#xCD;SICAS</subfield>
    <subfield code="z">M&#xC9;XICO</subfield>
  </datafield>
  <datafield tag="700" ind1="1" ind2=" ">
    <subfield code="a">Raymundo Fol Olgu&#xED;n.</subfield>
    <subfield code="e">autor</subfield>
  </datafield>
  <datafield tag="942" ind1=" " ind2=" ">
    <subfield code="c">LB</subfield>
  </datafield>
</record>
